Name these persons - Statistics

General Stats
  • This quiz has been taken 16 times
  • The average score is 6 of 16
Answer Stats
Picture Answer % Correct
Che Guevara
92%
David Attenborough
75%
Robert F. Kennedy
75%
Jens Stoltenberg
58%
Ursula Von Der Leyen
58%
Minja Koskela
33%
Ramses II
33%
Ben Shapiro
25%
Billy The Kid
25%
Dmitri Medvedev
25%
Nick Fuentes
25%
Ramzan Kadyrov
25%
Tristan Tate
25%
General Butt Naked
17%
Jiang Zemin
8%
Nguema
8%
No matching quizzes found
Score Distribution
Percent of People with Each Score
Percentile by Number Answered
Your Score History
You have not taken this quiz